Acróbata del cielo: (Registro nro. 11136)

Detalles MARC
000 -LIDER
fixed length control field 00953nam a2200301 b 4500
001 - NÚMERO DE CONTROL
Identificador de número de control 0000605
003 - IDENTIFICACDOR DE NÚMERO DE CONTROL
control field DO-SdBPM
005 - DATE AND TIME OF LATEST TRANSACTION
control field 20250115125722.0
007 - CAMPOS FIJOS DE DESCRIPCIÓN FÍSICA
fixed length control field 0000605
008 - ELEMENTOS DE LONGITUD FIJA
fixed length control field 040607s 2010 mx a ||| ||spa
017 ## - NÚMERO DE REGISTRO DE DERECHOS DE AUTOR
Copyright or legal deposit number
Assigning agency
020 ## - ISBN
International Standard Book Number 9786071107480
035 ## - NÚMERO LOCAL
System control number
040 ## - FUENTE DE CATALOGACIÓN
Agencia que crea de manera original el registro DO-SdBPM
Idioma de catalogación spa
Agencia que realiza la transcripción BPMSU
Convenciones de la despripción
082 #4 - NÚMERO DE CLASIFICACIÓN DECIMAL DE DEWEY
Classification number Ch861.4
Item number H899a 2010
Edition number 22
100 1# - ASIENTO PRINCIPAL -- NOMBRE PERSONAL
Nombre personal Huidobro, Vicente
Fechas asociadas con el nombre 1893-1948.
245 10 - MENCIÓN DE TITULO
Título Acróbata del cielo:
Subtítulo antología breve de Rodolfo Fonseca /
Mención de responsabilidad Vicente Huidobro ; selección Rodolfo Fonseca ; ilustraciones Gerardo Suzán
Medio (Designación general de material)
260 ## - PUBLICACIÓN, DISTRIBUCIÓN, ETC. (PIE DE IMPRENTA)
Lugar de publicación, distribución, etc México :
Nombre del editor, distribuidor, etc. Alfaguara,
Fecha de publicación, distribución, etc 2010.
Nombre del editor, distribuidor, etc.
300 ## - DESCRIPCIÓN FÍSICA
Extensión 119 p. :
Otros detalles físicos il. ;
Dimensiones 20 cm
490 0# - MENCIÓN DE SERIES
Mención de serie Poesía Rebeldía,
590 ## - NOTA LOCAL
Texto de la nota local inventariado, 2025/VM
650 #4 - ENCABEZAMIENTO DE MATERIA--TEMÁTICO
Término temático o nombre geográfico como elemento de entrada Poesía chilena
Subdivisión de forma Colecciones
650 #4 - ENCABEZAMIENTO DE MATERIA--TEMÁTICO
Término temático o nombre geográfico como elemento de entrada Poesía creacionista
700 1# - ASIENTO SECUNDARIO -- NOMBRE PERSONAL
Nombre personal Fonseca, Rodolfo
Mención de responsabilidad selección
700 12 - ASIENTO SECUNDARIO -- NOMBRE PERSONAL
Nombre personal Suzán, Geraldo
Mención de responsabilidad il.
910 ## - VALIDACIÓN
Validación VMateo V. Control de calidad. BPMSU
942 ## - ADDED ENTRY ELEMENTS (KOHA)
Source of classification or shelving scheme Dewey Decimal Classification
Koha item type Libros
Existencias
Withdrawn status Lost status Source of classification or shelving scheme Damaged status Not for loan Collection code Home library Current library Date acquired Source of acquisition Total Checkouts Full call number Barcode Date last seen Price effective from Koha item type Copy number
    Dewey Decimal Classification     Colección General Biblioteca Pública Metropolitana Salomé Ureña Biblioteca Pública Metropolitana Salomé Ureña 08/09/2016 Alfaguara   BPMSU CG Ch861.4 H899a 2010 BPMSU16080135 08/09/2016 08/09/2016 Libros  
    Dewey Decimal Classification     Colección General Biblioteca Pública Metropolitana Salomé Ureña Biblioteca Pública Metropolitana Salomé Ureña 08/09/2016 Alfaguara   BPMSU CG Ch861.4 H899a 2010 BPMSU16080136 08/09/2016 08/09/2016 Libros e.2
    Dewey Decimal Classification     Colección General Biblioteca Pública Metropolitana Salomé Ureña Biblioteca Pública Metropolitana Salomé Ureña 08/09/2016 Alfaguara   BPMSU CG Ch861.4 H899a 2010 BPMSU16080137 08/09/2016 08/09/2016 Libros e.3